| 000 | 00550cam a2200145 4500500 | ||
|---|---|---|---|
| 005 | 20251228093433.0 | ||
| 041 | _afre | ||
| 042 | _adc | ||
| 100 | 1 | 0 |
_aButtino, Marco _eauthor |
| 245 | 0 | 0 | _aDaniel BROWER Turkestan and the fate of the Russian Empire Londres -- New York, RoutledgeCurzon, 2003, 213 p. |
| 260 | _c2004. | ||
| 500 | _a5 | ||
| 786 | 0 | _nCahiers du monde russe | Vol 45 | 3 | 2004-11-01 | p. 613zw-658zw | 1252-6576 | |
| 856 | 4 | 1 | _uhttps://shs.cairn.info/revue-cahiers-du-monde-russe-2004-3-page-613zw?lang=fr&redirect-ssocas=7080 |
| 999 |
_c1604418 _d1604418 |
||